[Event "Hessen-ch U14"]
[Site "Bad Homburg"]
[Date "2005.??.??"]
[Round "6"]
[White "Langbein, Till"]
[Black "Sharikov, Alexej"]
[Result "0-1"]
[WhiteElo "1216"]
[BlackElo "1440"]
[PlyCount "108"]
[EventDate "2005.04.??"]
[EventType "swiss"]
[EventRounds "8"]
[EventCountry "GER"]
[SourceTitle "EXT 2007"]
[Source "ChessBase"]
[SourceDate "2006.11.23"]
[SourceVersion "1"]
[SourceVersionDate "2006.11.23"]
[SourceQuality "1"]

1. e4 e5 2. Nf3 Nc6 3. Bc4 Bc5 4. Nc3 Nf6 5. d3 d6 6. Be3 Bb6 7. Qd2 Bg4 8. Ng1 Qd7 9. f3 Bh5 10. Nge2 h6 11. d4 exd4 12. Nxd4 Ne5 13. Bb3 0-0-0 14. Nf5 Bxe3 15. Qxe3 Kb8 16. Nxg7 Bg6 17. Qf4 Qe7 18. Nf5 Bxf5 19. Qxf5 c6 20. 0-0-0 Ned7 21. Qf4 Nc5 22. Rhe1 Nxb3+ 23. axb3 Nh5 24. Qe3 Qe5 25. Ne2 d5 26. f4 Qxe4 27. Qxe4 dxe4 28. g3 f5 29. h3 Rhg8 30. Rg1 Rxd1+ 31. Kxd1 Kc7 32. g4 fxg4 33. Rxg4 Rf8 34. Rh4 Rf5 35. Nd4 Rd5 36. c3 c5 37. Ke2 cxd4 38. cxd4 Ng3+ 39. Kf2 Nf5 40. Rh5 e3+ 41. Ke1 Kc6 42. b4 Kb5 43. Kd1 e2+ 44. Ke1 Kxb4 45. Rxf5 Rxf5 46. Kxe2 Rxf4 47. Ke3 Rh4 48. d5 Kc5 49. Kf3 Kxd5 50. Kg3 Rb4 51. b3 Ke6 52. h4 Rxb3+ 53. Kg4 Rb4+ 54. Kh5 Kf6 0-1

[Event "GER-ch U12"]
[Site "Willingen"]
[Date "2004.06.04"]
[Round "11"]
[White "Wolff, Christoph1111"]
[Black "Sharikov, Alexej"]
[Result "0-1"]
[WhiteElo "1374"]
[BlackElo "1420"]
[PlyCount "75"]
[EventDate "2004.06.??"]
[EventType "swiss"]
[EventRounds "11"]
[EventCountry "GER"]
[SourceTitle "EXT 2005"]
[Source "ChessBase"]
[SourceDate "2004.11.15"]
[SourceVersion "1"]
[SourceVersionDate "2004.11.15"]
[SourceQuality "1"]

1. Nc3 c5 2. e4 d6 3. Nge2 Nc6 4. d4 cxd4 5. Nxd4 g6 6. Be3 Nf6 7. f3 Bg7 8. Qd2 0-0 9. 0-0-0 Bd7 10. Kb1 Rc8 11. g4 a6 12. h4 Ne5 13. h5 Nxf3 14. Nxf3 Bxg4 15. Be2 Bxh5 16. Bh6 Rxc3 17. bxc3 Nxe4 18. Qe3 Nxc3+ 19. Kc1 Nxa2+ 20. Kb1 Nc3+ 21. Kc1 Nxe2+ 22. Kd2 Ng3 23. Rxh5 Nxh5 24. Rh1 Ng3 25. Bxg7 Nxh1 26. Qh6 f6 27. Bxf8 Qxf8 28. Qxh1 e5 29. Ne1 Qe7 30. Qd5+ Kg7 31. Nd3 h5 32. Nf2 f5 33. Kd3 h4 34. Nd1 a5 35. Ne3 Qd7 36. Nc4 h3 37. Kd2 h2 38. Nxa5 0-1

[Event "GER-chT U12"]
[Site "Verden an der Aller"]
[Date "2003.12.27"]
[Round "2.3"]
[White "Linsenmeyer, Mario"]
[Black "Sharikov, Alexej"]
[Result "1-0"]
[WhiteElo "1489"]
[BlackElo "1247"]
[PlyCount "59"]
[EventDate "2003.12.27"]
[EventType "team-swiss"]
[EventRounds "7"]
[EventCountry "GER"]
[SourceTitle "EXT 2022"]
[Source "ChessBase"]
[SourceDate "2021.10.06"]
[SourceVersion "1"]
[SourceVersionDate "2021.10.06"]
[SourceQuality "1"]
[WhiteTeam "Grossenseebach"]
[BlackTeam "Baunatal"]
[WhiteTeamCountry "GER"]
[BlackTeamCountry "GER"]

1. e4 e5 2. Nf3 Nf6 3. Nxe5 Qe7 4. Nc4 Qxe4+ 5. Ne3 Bc5 6. Nc3 Qe7 7. Be2 0-0 8. 0-0 Nc6 9. d3 Re8 10. Re1 b6 11. Bd2 Bb7 12. Ned5 Nxd5 13. Nxd5 Qd6 14. Ne3 Bd4 15. c3 Be5 16. Nc4 Qg6 17. Bf3 Bf6 18. Be4 Rxe4 19. dxe4 Ne5 20. Nxe5 Bxe5 21. Qe2 h6 22. Rad1 Qe6 23. b3 d5 24. exd5 Qxd5 25. Qg4 Qd6 26. Bf4 Bxf4 27. Rxd6 Bxd6 28. Qd7 Kh7 29. Qxf7 Bc5 30. Re8 1-0

[Event "Baunatal op 8th"]
[Site "Baunatal"]
[Date "2002.08.11"]
[Round "6"]
[White "Frenzel, Klaus Dieter"]
[Black "Sharikov, Alexej"]
[Result "0-1"]
[WhiteElo "1459"]
[BlackElo "1219"]
[PlyCount "74"]
[EventDate "2002.08.09"]
[EventType "swiss"]
[EventRounds "7"]
[EventCountry "GER"]
[SourceTitle "EXT 2003"]
[Source "ChessBase"]
[SourceDate "2002.11.25"]
[SourceVersion "1"]
[SourceVersionDate "2002.11.25"]
[SourceQuality "1"]

1. e4 e5 2. Nc3 Nf6 3. Nf3 Nc6 4. Bb5 Bb4 5. d3 d6 6. h3 Bd7 7. Bg5 Nd4 8. Bxd7+ Qxd7 9. 0-0 Qe6 10. Bxf6 Qxf6 11. Nxd4 Bxc3 12. bxc3 exd4 13. c4 0-0 14. f4 c5 15. Qf3 b6 16. a4 Qd8 17. Qh5 g6 18. Qd5 Qe7 19. a5 Rab8 20. axb6 axb6 21. Rfb1 Rb7 22. Ra6 Rfb8 23. Qc6 Qf6 24. Rf1 Qe6 25. Kh2 Qd7 26. Qxd7 Rxd7 27. Rb1 Rdb7 28. Kg3 h5 29. Kf3 Kg7 30. e5 dxe5 31. fxe5 f6 32. Kf4 Kf7 33. Rba1 Ke6 34. Re1 g5+ 35. Kf3 fxe5 36. Ke4 Rf8 37. g3 h4 0-1

[Event "Baunatal op 8th"]
[Site "Baunatal"]
[Date "2002.08.10"]
[Round "4"]
[White "Weber, Ralf Josef"]
[Black "Sharikov, Alexej"]
[Result "0-1"]
[WhiteElo "1617"]
[BlackElo "1219"]
[PlyCount "122"]
[EventDate "2002.08.09"]
[EventType "swiss"]
[EventRounds "7"]
[EventCountry "GER"]
[SourceTitle "EXT 2003"]
[Source "ChessBase"]
[SourceDate "2002.11.25"]
[SourceVersion "1"]
[SourceVersionDate "2002.11.25"]
[SourceQuality "1"]

1. Nf3 Nf6 2. d3 Nc6 3. g3 e5 4. Nbd2 Bc5 5. Bg2 0-0 6. 0-0 d6 7. c3 a5 8. a4 Be6 9. e3 Qd7 10. Re1 Bh3 11. Bh1 Rfe8 12. d4 Bb6 13. Nc4 Bg4 14. Qd2 Ba7 15. d5 Ne7 16. e4 Bh3 17. Qc2 Ng4 18. Be3 Bxe3 19. Nxe3 Nxe3 20. Rxe3 b5 21. Ree1 Reb8 22. Ng5 Bg4 23. Bg2 h6 24. Nf3 b4 25. c4 c6 26. b3 Rc8 27. Qd3 c5 28. Nd2 f5 29. f3 fxe4 30. Nxe4 Bf5 31. Qe3 Rf8 32. Rf1 Bg6 33. g4 Rf4 34. h3 Raf8 35. Ra2 Kh8 36. Raf2 Ng8 37. Qe2 Nf6 38. Nd2 Rd4 39. Ne4 Nxe4 40. fxe4 Rxf2 41. Rxf2 Qe7 42. Qe3 Kg8 43. Kh2 Qg5 44. Qf3 Qf4+ 45. Qxf4 exf4 46. Rxf4 Rd3 47. Rf2 Rxb3 48. Rd2 Re3 49. e5 Rxe5 50. h4 b3 51. Rb2 Bc2 52. Kg3 Re3+ 53. Kf4 Rc3 54. Bf1 Kf7 55. Be2 Kf6 56. g5+ hxg5+ 57. hxg5+ Kf7 58. Bh5+ g6 59. Be2 Rh3 60. Bf3 Rh4+ 61. Bg4 Bd1 0-1

[Event "Baunatal op 8th"]
[Site "Baunatal"]
[Date "2002.08.09"]
[Round "2"]
[White "Skorna, Ullrich"]
[Black "Sharikov, Alexej"]
[Result "1-0"]
[WhiteElo "2194"]
[BlackElo "1219"]
[PlyCount "71"]
[EventDate "2002.08.09"]
[EventType "swiss"]
[EventRounds "7"]
[EventCountry "GER"]
[SourceTitle "EXT 2003"]
[Source "ChessBase"]
[SourceDate "2002.11.25"]
[SourceVersion "1"]
[SourceVersionDate "2002.11.25"]
[SourceQuality "1"]

1. e4 e5 2. Nf3 Nc6 3. Bb5 d6 4. 0-0 Nge7 5. c3 a6 6. Ba4 b5 7. Bb3 Bg4 8. Bxf7+ Kxf7 9. Ng5+ Ke8 10. Qxg4 h6 11. Ne6 Qd7 12. f4 exf4 13. d4 Nd8 14. d5 c6 15. Nxg7+ Bxg7 16. Qxg7 Rg8 17. Qxh6 Qg4 18. g3 fxg3 19. h3 Qe2 20. Qd2 Qxe4 21. c4 Qxc4 22. Nc3 Qc5+ 23. Kg2 b4 24. Ne4 Qxd5 25. Qxb4 Qd3 26. Nf6+ Kf7 27. Nxg8+ Kxg8 28. Qg4+ Qg6 29. Bg5 Nd5 30. Rae1 Nf7 31. Re6 Qxg5 32. Rg6+ Kf8 33. Qxg5 Ne7 34. Rxf7+ Kxf7 35. Rg7+ Ke8 36. Qxe7# 1-0

[Event "GER-ch U10"]
[Site "Winterberg"]
[Date "2002.05.20"]
[Round "4"]
[White "Maier, Maximilian"]
[Black "Sharikov, Alexej"]
[Result "1-0"]
[WhiteElo "1234"]
[BlackElo "932"]
[PlyCount "101"]
[EventDate "2002.05.19"]
[EventType "swiss"]
[EventRounds "11"]
[EventCountry "GER"]
[SourceTitle "CBM 088 Extra"]
[Source "ChessBase"]
[SourceDate "2002.07.01"]
[SourceVersion "2"]
[SourceVersionDate "2002.07.01"]
[SourceQuality "1"]

1. d4 d5 2. c4 e6 3. Nc3 Nf6 4. Bg5 Bb4 5. Nf3 0-0 6. e3 Bd7 7. cxd5 exd5 8. Bd3 Be6 9. 0-0 Nc6 10. Qc2 g6 11. Ne5 Be7 12. Nxc6 bxc6 13. Na4 Qd6 14. Rac1 Bd7 15. Nc5 Rab8 16. Bf4 Qxc5 17. dxc5 Rb7 18. Qc3 Nh5 19. b3 Bf6 20. Be5 Bxe5 21. Qxe5 Re8 22. Qd4 a5 23. Qh4 Rb4 24. Qg5 Rg4 25. Qh6 Re5 26. f3 Rb4 27. e4 Rd4 28. Qe3 Rb4 29. Qd2 dxe4 30. Bxe4 Be8 31. Qd8 Kg7 32. Qxc7 Re6 33. Rfd1 Nf6 34. Bd3 Nd5 35. Qxa5 Rd4 36. Bc4 Rxd1+ 37. Rxd1 Ne3 38. Bxe6 Nxd1 39. Bxf7 Kxf7 40. Qd2 Kf6 41. Qxd1 Kf5 42. Qd3+ Kg5 43. Qd8+ Kh6 44. Qxe8 Kg5 45. Qxc6 h5 46. Qd5+ Kh6 47. c6 h4 48. c7 g5 49. c8Q Kh5 50. Qf7+ Kh6 51. Qh8# 1-0

[Event "GER-ch U10"]
[Site "Winterberg"]
[Date "2002.05.20"]
[Round "3"]
[White "Sharikov, Alexej"]
[Black "Mihok, Oliver"]
[Result "0-1"]
[WhiteElo "932"]
[BlackElo "1418"]
[PlyCount "70"]
[EventDate "2002.05.19"]
[EventType "swiss"]
[EventRounds "11"]
[EventCountry "GER"]
[SourceTitle "CBM 088 Extra"]
[Source "ChessBase"]
[SourceDate "2002.07.01"]
[SourceVersion "2"]
[SourceVersionDate "2002.07.01"]
[SourceQuality "1"]

1. e4 e6 2. d4 d5 3. exd5 exd5 4. Nf3 Nf6 5. Bg5 Be7 6. h3 0-0 7. Bd3 Ne4 8. Bxe7 Qxe7 9. 0-0 Qb4 10. b3 Nd7 11. a3 Qd6 12. Re1 Ndf6 13. c4 c6 14. Qc2 Qf4 15. cxd5 cxd5 16. Ne5 Be6 17. Re3 Rac8 18. Qb2 Rc7 19. Nd2 Qxf2+ 20. Kh2 Qxe3 21. Ndf3 Qf4+ 22. Kg1 Nd7 23. Bxe4 dxe4 24. Nxd7 Bxd7 25. Ne5 Qe3+ 26. Kh2 f6 27. Nc4 Qf4+ 28. Kh1 Bb5 29. Nd2 Rfc8 30. a4 Rc2 31. Qa3 Qxd2 32. Rg1 Bf1 33. Qa1 Bxg2+ 34. Kh2 Bf3+ 35. Kg3 Qg5# 0-1

[Event "GER-ch U10"]
[Site "Winterberg"]
[Date "2002.05.19"]
[Round "2"]
[White "Mertens, Pauline"]
[Black "Sharikov, Alexej"]
[Result "0-1"]
[WhiteElo "1210"]
[BlackElo "932"]
[PlyCount "42"]
[EventDate "2002.05.19"]
[EventType "swiss"]
[EventRounds "11"]
[EventCountry "GER"]
[SourceTitle "CBM 088 Extra"]
[Source "ChessBase"]
[SourceDate "2002.07.01"]
[SourceVersion "2"]
[SourceVersionDate "2002.07.01"]
[SourceQuality "1"]

1. e4 e5 2. Nf3 Nc6 3. Bc4 Bc5 4. d3 Nf6 5. Nc3 d6 6. Bg5 Bb4 7. 0-0 Bg4 8. Nd5 h6 9. Be3 Nxd5 10. Bxd5 Qd7 11. c3 Ba5 12. b4 Bb6 13. Bxb6 axb6 14. a4 Ra7 15. Qe2 Ne7 16. Bb3 Ng6 17. Qe3 Nf4 18. Bd1 Nxg2 19. Kxg2 Bh3+ 20. Kg1 Qg4+ 21. Kh1 Qg2# 0-1